| 000 | 00652nam a2200133Ia 4500 | ||
|---|---|---|---|
| 008 | 220615s9999||||xx |||||||||||||| ||und|| | ||
| 022 | _a16648714 | ||
| 100 | _aAlexandr V. Bazhin||Amedeo Amedei||Svetlana Karakhanova | ||
| 245 | 0 | _aImmune Checkpoint Molecules and Cancer Immunotherapy | |
| 546 | _aEnglish[eng] | ||
| 650 | _aCTLA-4 (CD152)||checkpoint blockade||Immunosuppression||cancer immunotherapy||PD-1 (CD279)||Tumor Microenvironment||Metabolic checkpoints||immune checkpoint molecules||cytotoxic T lymphocytes||PDL1 | ||
| 856 | _uhttps://www.frontiersin.org/research-topics/6553/immune-checkpoint-molecules-and-cancer-immunotherapy | ||
| 942 | _cEB | ||
| 999 |
_c8828 _d8828 |
||